00728nam a2200181Ia 4500008004100000082002000041100002300061245006800084260003400152300002000186365002600206366000800232505002000240530000900260620014100269630006800410730006800478100315s9999 xx 000 0 und d b1168 a658.1  a"McAlpine, T. S. " aProcess of Management: Major Features of Management Performance aNew Delhi bVikas  c1978  a"XIII,166p.  " eRupees d1 b9.50  f0  gTushar Jadhav  b-   a"The Process of Management, Corporate Planning, Organisation Structure, Production Function & Productivity, Profit Planning & Control " aProcess of Management: Major Features of Management Performance aProcess of Management: Major Features of Management Performance